Valuation of rights of light (Record no. 73367)

MARC details
000 -LEADER
fixed length control field 00645cam a2200181 4500
001 - CONTROL NUMBER
control field X123514
008 - FIXED-LENGTH DATA ELEMENTS--GENERAL INFORMATION
fixed length control field 030909n2000 000 0 eng u
035 ## - SYSTEM CONTROL NUMBER
System control number (Sirsi) u123514
100 ## - MAIN ENTRY--PERSONAL NAME
Personal name Anstey, J.
245 ## - TITLE STATEMENT
Title Valuation of rights of light
260 ## - PUBLICATION, DISTRIBUTION, ETC.
Date of publication, distribution, etc. 2000
490 ## - SERIES STATEMENT
Series statement Structural Survey
Volume/sequential designation 18(5) 2000, 246-248(3)
520 ## - SUMMARY, ETC.
Summary, etc. Discusses methods for valuing the loss of rights to light. Comments that the valuation of the loss in residential property is more complex than for commercial property. Refers to case law.
650 ## - SUBJECT ADDED ENTRY--TOPICAL TERM
Topical term or geographic name entry element Rights of light
9 (RLIN) 6267
650 ## - SUBJECT ADDED ENTRY--TOPICAL TERM
Topical term or geographic name entry element Valuation
9 (RLIN) 6273
690 ## - LOCAL SUBJECT ADDED ENTRY--TOPICAL TERM (OCLC, RLIN)
Topical term or geographic name as entry element Boundary disputes
9 (RLIN) 6221
942 ## - ADDED ENTRY ELEMENTS (KOHA)
Suppress in OPAC 0
Holdings
Withdrawn status Lost status Source of classification or shelving scheme Damaged status Not for loan Home library Current library Shelving location Date acquired Total Checkouts Full call number Barcode Date last seen Copy number Price effective from Koha item type
    Dewey Decimal Classification     London London Journal article 09/09/2003   X123514 123514-2001 06/08/2019 1 06/08/2019 Journal article